000
00240nam a2200121Ia 4500
100
_a
Mayer
942
_c
BK
654
_a
Management
245
_a
Production Management
260
_b
McGraw Hill
_c
2001
300
_a
692
546
_a
ENGLISH
999
_c
21481
_d
21481